书目信息 |
| 题名: |
拥抱安徒生
|
|
| 作者: | ;读图时代 编 | |
| 分册: | ||
| 出版信息: | 北京 中国轻工业出版社 2005 |
|
| 页数: | 186页 | |
| 开本: | 21cm | |
| 丛书名: | ||
| 单 册: | ||
| 中图分类: | I267.4 | |
| 科图分类: | ||
| 主题词: | 游记--中国--现代--选集 | |
| 电子资源: | ||
| ISBN: | 7-5019-4894-1 | |
| 000 | 01097nam0 2200313 450 | |
| 000 | 01060nam0 2200301 450 | |
| 000 | 01057nam0 2200313 450 | |
| 000 | 01003nam0 2200289 450 | |
| 000 | 00999nam0 2200277 450 | |
| 000 | 00962nam0 2200265 45 | |
| 001 | TS2006029373 | |
| 005 | 20061203163037.71 | |
| 010 | @a7-5019-4894-1@dCNY32.00 | |
| 100 | @a20060829d2005 em y0chiy0110 ea | |
| 101 | 0 | @achi |
| 102 | @aCN@b110000 | |
| 105 | @aa z 000cd | |
| 200 | 1 | @a拥抱安徒生@AYong Bao An Tu Sheng@f读图时代[编]@FDu Tu Shi Dai [ Bian ] |
| 210 | @a北京@c中国轻工业出版社@d2005 | |
| 215 | @a186页@c彩照@d21cm | |
| 330 | @a姚雪、刘杰两位北大学子亲历丹麦和其他欧洲国家,以他们热情、细腻和质朴笔触展现了多彩的安徒生世界,让读者体会拥抱安徒生的奇妙感觉和心跳。 | |
| 510 | 1 | @aHolding H.C.Andersen@zeng |
| 606 | 0 | @a游记@y中国@z现代@x选集 |
| 690 | @aI267.4@v4 | |
| 711 | 02 | @a读图时代@ADu Tu Shi Dai@4编 |
| 801 | 0 | @aCN@b中图数据@c20061203 |
| 905 | @a10447@dI267.4@e1047 | |
| 拥抱安徒生/读图时代[编].-北京:中国轻工业出版社,2005 |
| 186页:彩照;21cm |
| ISBN 7-5019-4894-1:CNY32.00 |
| 姚雪、刘杰两位北大学子亲历丹麦和其他欧洲国家,以他们热情、细腻和质朴笔触展现了多彩的安徒生世界,让读者体会拥抱安徒生的奇妙感觉和心跳。 |
| ● |
| 相关链接 |
|
|
|
|
正题名:拥抱安徒生
索取号:I267.4/1047
 
预约/预借
| 序号 | 登录号 | 条形码 | 馆藏地/架位号 | 状态 | 备注 |
| 1 | 0605808 | 206058086 | 第一样本阅览室/ [索取号:I267.4/1047] | 在馆 | |
| 2 | 0605809 | 206058095 | 第二借阅区/ [索取号:I267.4/1047] | 在馆 | |
| 3 | 0605810 | 206058102 | 第二借阅区/ [索取号:I267.4/1047] | 在馆 |